000 00756nam a2200217 i 4500
001 123073
003 ES-MaACL
005 20240126063008.0
007 t|
008 070214s1971 sp r ||||0| spa d
100 1 _aProust, Marcel,
_d1871-1922
_994056
245 1 0 _aEnsayos literarios
_b: (contra Sainte-Beuve) /
_cMarcel Proust ; prólogo de Bernard de Fallois ; traducción de José Cano Tembleque.
260 _aBarcelona :
_bEdhasa,
_c1971.
300 _a2 v ;
_c19 cm.
650 0 4 _aNovela francesa-
_xHistoria y crítica.
_915619
650 4 _aEstética literaria-
_zFrancia.
_912546
700 1 _aFallois, Bernard de.
_948769
700 1 _aCano Tembleque, José.
_934572
852 _aES-MaACL
_jC-40272-73
999 _c123073
_d123073